000 00614nam a2200157 a 4500
008 121122s1955 ||||||||||||||||| || u
050 _aJK 274 Pot
100 _aPotter, Allen M
245 1 0 _aAmerican government and politics
_cby Allen M. Potter
260 _aLondon:
_bFaber and Faber
_c[1955]
300 _a318p.
650 _aUNITED STATES--POLITICS AND GOVERNMENT
650 _aCIVIL RIGHTS--UNITED STATES
650 _aPOLITICAL PARTICIPATION--UNITED STATES
995 _aSPECIAL COLLECTIONS
_e500388
_FCBU-DAG HAMMARSKJOLD INSTITUTE LIBRARY
_jDAG JK 274 Pot
_M1
_UAVAILABLE
_WDec 31, 2012
_y500388
_ZDHIPS Book Collection
999 _c98
_d98